• 首页
  • 本馆介绍
  • 公告通知
  • 最新文献
  • 馆藏检索
  • 电子资源
  • 读者导购
  • 参考咨询
  • 我的图书馆
  • 登录
  • 详细信息显示
  • 放入我的书架
  • 预约/预借图书
  • 作者相关作品
  • 分类相关作品
  • 丛书相关作品
  • 出版社相关作品

书目信息

  • 表格格式
  • 工作单格式
  • 卡片格式
题名:
黄梅戏唱腔欣赏
    
 
作者: 时白林 编著
分册:  
出版信息: 上海   上海音乐出版社  2005
页数: 203页
开本: 21cm
丛书名: 中国戏曲音乐欣赏丛书
单 册:
中图分类: J643.5
科图分类:
主题词: 黄梅戏--唱腔--戏曲音乐--音乐欣赏--中国 , 黄梅戏 , 唱腔 , 戏曲音乐 , 音乐欣赏 , 音乐--作品--中国
电子资源:
ISBN: 7-80553-957-X
000 01001oam2 2200325 450
001 1233212036
005 20121019091433.26
010    @a7-80553-957-X@dCNY24.00
100    @a20060803d2005 em y0chiy50 ea
101 0  @achi
102    @aCN@b310000
105    @aag z 000yy
200 1  @a黄梅戏唱腔欣赏@Ahuang mei xi chang qiang xin shang@f时白林编著
205    @a2版
210    @a上海@c上海音乐出版社@d2005
215    @a203页@c照片@d21cm@e1光盘
225 2  @a中国戏曲音乐欣赏丛书
307    @a附光盘:ISRC CN-E01-05-342-00
330    @a本书分为五部分,包括黄梅戏的来龙去脉;黄梅戏的声腔结构;改编、创作的新腔;黄梅歌;黄梅戏的伴奏。
461  0 @12001 @a中国戏曲音乐欣赏丛书
606 0  @a黄梅戏@x唱腔@x戏曲音乐@x音乐欣赏@y中国
606 0  @a黄梅戏
606 0  @a唱腔
606 0  @a戏曲音乐
606 0  @a音乐欣赏
606 0  @a音乐@x作品@x中国
690    @aJ643.5@v4
701  0 @a时白林@Ashi bai lin@f(1927~)@4编著
801  0 @aCN@bNLC@c20101222
905    @a10447@dJ643.5@eJY50
    
    黄梅戏唱腔欣赏/时白林编著.-2版.-上海:上海音乐出版社,2005
    203页:照片;21cm+1光盘.-(中国戏曲音乐欣赏丛书)
    
    
    ISBN 7-80553-957-X:CNY24.00
    本书分为五部分,包括黄梅戏的来龙去脉;黄梅戏的声腔结构;改编、创作的新腔;黄梅歌;黄梅戏的伴奏。
●
相关链接 在E读中查询图书 在五车中查询图书 在当当中查询图书 在豆瓣中查询图书


正题名:黄梅戏唱腔欣赏     索取号:J643.5/JY50         预约/预借

序号 登录号 条形码 馆藏地/架位号 状态 备注
1 7834361   278343614   学院路分馆/ [索取号:J643.5/JY50] 在馆    
2 7834362   278343623   学院路分馆/ [索取号:J643.5/JY50] 在馆    
3 7834363   278343632   学院路分馆/ [索取号:J643.5/JY50] 在馆    
4 7834364   278343641   学院路分馆/ [索取号:J643.5/JY50] 在馆    
唐山师范学院图书馆 欢迎您!
大连网信软件有限公司© 版权所有